Best Selling Games on the Super Nintendo Entertainment System (SNES) - Statistics

General Stats
  • This quiz has been taken 34 times
  • The average score is 11 of 18
Answer Stats
Sales Video Game % Correct
20.61 Million Super Mario World
93%
8.76 Million Super Mario Kart
83%
2.85 Million F-Zero
80%
6.30 Million Street Fighter II: The World Warrior
80%
4.10 Million Street Fighter II Turbo
80%
4.61 Million The Legend of Zelda: A Link to the Past
80%
9.30 Million Donkey Kong Country
77%
4.12 Million Super Mario World 2: Yoshi's Island
73%
5.15 Million Donkey Kong Country 2: Diddy's Kong Quest
67%
4 Million Star Fox
67%
3.51 Million Donkey Kong Country 3: Dixie Kong's Double Trouble!
63%
10.55 Million Super Mario All-Stars
53%
3.42 Million Final Fantasy VI
43%
2.45 Million Final Fantasy V
37%
2.31 Million Mario Paint
30%
3.20 Million Killer Instinct
27%
2.80 Million Dragon Quest V
20%
3.20 Million Dragon Quest VI
20%
No matching quizzes found
Score Distribution
Percent of People with Each Score
Percentile by Number Answered
Your Score History
You have not taken this quiz